Missing Word: Writers A-Z Quiz Stats

 Plays Quiz Updated May 17, 2016

Score 0/24 Timer 03:00
0 Plays Today
Hint Answer % Correct
Edgar Allan ____Poe
98.2%
____ AustenJane
97.3%
J. K. ____Rowling
96.5%
C. S. ____Lewis
95%
Ralph ____ EmersonWaldo
91%
____ RandAyn
88.6%
Aldous ____Huxley
83.6%
____ KafkaFranz
82.4%
____ ChaucerGeoffrey
75.9%
Amy ____Tan
73.9%
William Butler ___Yeats
73.3%
Albert ____Camus
68.5%
Hint Answer % Correct
____ EcoUmberto
56%
____ HornbyNick
54.4%
____ NabokovVladimir
54.4%
____ AllendeIsabel
49.5%
Flannery ____O'Connor
48.7%
____ WeltyEudora
43.8%
____ Neale HurstonZora
42.5%
Jorge Luis ____Borges
29.7%
Junot ____Díaz
22.2%
____ IshiguroKazuo
18.2%
____ CisnerosSandra
18.1%
Haruki ____Murakami
15.8%

Today's Daily Dose

You're not logged in!

Compare scores with friends on all Sporcle quizzes.
Join for Free
OR
Log In

You Might Also Like...

Show Comments

Extras

Top Quizzes Today


Score Distribution

Your Account Isn't Verified!

In order to create a playlist on Sporcle, you need to verify the email address you used during registration. Go to your Sporcle Settings to finish the process.

Report this User

Report this user for behavior that violates our Community Guidelines.

Details: